1338 1609 1834 1656 1635 1054 1094 1741 1600 1784 1699 1382 1635 1497 1643 1543 1665 1778 1282 1019 1197 1318 1470 1526 1972 1050 1849 1013 1262 1513 1974 1886 1207 1138 1098 1407 1232 1587 1784 1772 1422 1426 1255 1753 1950 1422 1322 1562 1972 1019 1859 1364 1152 1794 1062 1691 1387 1755 1557 1159 1775 1429 1890 1627 1692 1931 1073 1641 1245 1160 2000 1793 1969 1029 1054 1031 1771 1927 1452 1520 1199 1695 1745 1497 1771 1298 1509 1157 1637 1002 1375 1521 1494 1805 1000 1091 1776 1472 1121 BCNSPRNW ULIB Ver.6.0+V

เปลี่ยนเป็นภาษาไทย

Change to English
 แสดงรายละเอียดบรรณานุกรม
  กลับหน้าหลัก

Brief Record : Get Marc (ISO 2709) : E-mail record : QR code < ปิดหน้าต่าง
LEADER : 00000nam 2200000uu 4500
001    13399127962
003     ULIB
008    211117s2563||||th 000 0 tha d
020 ^  ^a9786163660749
050  0 ^aนว.^bด265พ
100 0  ^aดวงตะวัน.
245 1  ^aพระจันทร์วันอาทิตย์ /^cดวงตะวัน.
260 ^  ^aกรุงเทพฯ :^bดวงตะวัน,^c2563.
300 ^  ^a526 หน้า.
650 ^  ^aนวนิยาย.
945    ^p370^l0^i008552
999    ^aประนอม เกษจรัล
รายการนี้ยังไม่มีแท็ก
คุณยังไม่ได้ล็อกอิน คุณสามารถมีกิจกรรมร่วมกับเว็บไซต์ได้ แต่ต้องล็อกอินก่อน ::
  ล็อกอิน

รายการสื่อสารสนเทศ

ลำดับที่ ประเภท เลขเรียก/บาร์โค้ด สถานที่ สถานะ
1. นวนิยาย
นวนิยาย
นว. ด265พ ฉ.1 
  Barcode: 008552
ห้องสมุดวิทยาเขตสวรรค์ประชารักษ์
►นวนิยาย
บนชั้น
  ขอยืม

รายการใกล้เคียง
    ผู้แต่ง [ดวงตะวัน.]

    หัวเรื่อง [นวนิยาย.]

BibComment


ยังไม่เคยถูกคอมเมนท์

คอมเมนท์ทรัพยากรรายการนี้
  คอมเมนท์: พระจันทร์วันอาทิ..


 Copyright 2026. Bcnsprnw @Library